Statystyki dla Liga Narodów w Siatkówce Mężczyzn 2024

Kliknij tutaj aby rozwiązać quiz!

Ogólne statystyki

  • Ten quiz został rozwiązany 470 razy
    (46 od ostatniego zresetowania)
  • Średni wynik to 14 z 16

Statystyki odpowiedzi

Reprezentacja% Poprawnych
Polska
100%
USA
100%
Brazylia
98%
Argentyna
95%
Francja
93%
Japonia
93%
Włochy
93%
Holandia
88%
Iran
88%
Niemcy
88%
Serbia
88%
Kanada
86%
Słowenia
86%
Turcja
83%
Bułgaria
74%
Kuba
69%

Rozkład punktacji

Percentyl według liczby udzielonych odpowiedzi

Procent ludzi z każdym wynikiem

Twoja historia wyników

Nie rozwiązałeś tego quizu od ostatniego zresetowania